Statement by the Managing Director on the Work Program of the Executive Board : Executive Board Meeting.

This Work Program (WP) translates the policy priorities and strategic directions laid out in the Fall 2016 Global Policy Agenda (GPA) and the International Monetary and Financial Committee (IMFC) Communique into an Executive Board agenda for the next six-twelve months. The Managing Director's G...

Descripció completa

Dades bibliogràfiques
Autor corporatiu: International Monetary Fund
Format: Revista
Idioma:English
Publicat: Washington, D.C. : International Monetary Fund, 2016.
Col·lecció:Policy Papers; Policy Paper ; No. 2016/037
Matèries:
Accés en línia:Full text available on IMF
LEADER 02438cas a2200313 a 4500
001 AALejournalIMF020561
008 230101c9999 xx r poo 0 0eng d
020 |c 5.00 USD 
020 |z 9781498345071 
022 |a 2663-3493 
040 |a BD-DhAAL  |c BD-DhAAL 
110 2 |a International Monetary Fund. 
245 1 0 |a Statement by the Managing Director on the Work Program of the Executive Board :   |b Executive Board Meeting. 
264 1 |a Washington, D.C. :  |b International Monetary Fund,  |c 2016. 
300 |a 1 online resource (8 pages) 
490 1 |a Policy Papers 
500 |a <strong>Off-Campus Access:</strong> No User ID or Password Required 
500 |a <strong>On-Campus Access:</strong> No User ID or Password Required 
506 |a Electronic access restricted to authorized BRAC University faculty, staff and students 
520 3 |a This Work Program (WP) translates the policy priorities and strategic directions laid out in the Fall 2016 Global Policy Agenda (GPA) and the International Monetary and Financial Committee (IMFC) Communique into an Executive Board agenda for the next six-twelve months. The Managing Director's GPA called on members to use a balanced mix of all policy tools to revive demand and raise productivity, and ensure that gains from technology and globalization are shared more broadly. The GPA also warned against retreating from multilateralism at a time when cooperation and coordination are critical. It outlined how the Fund would support the membership by helping policymakers identify policy space and enhance resilience; assisting in understanding and tackling the underlying causes of low productivity growth; supporting members to expand economic opportunities-including by ensuring adequate and effective safety nets; and advocating for multilateralism that works for all. Where the work extends beyond traditional areas, the WP will focus on issues with a macro-economic impact that are systemically important or relevant for many and amenable to change through economic policies. 
538 |a Mode of access: Internet 
650 7 |a Fund  |2 imf 
650 7 |a Policy Priority  |2 imf 
650 7 |a Policy  |2 imf 
650 7 |a PP  |2 imf 
650 7 |a Tailored Policy Advice  |2 imf 
651 7 |a Greece  |2 imf 
830 0 |a Policy Papers; Policy Paper ;  |v No. 2016/037 
856 4 0 |z Full text available on IMF  |u http://elibrary.imf.org/view/journals/007/2016/037/007.2016.issue-037-en.xml  |z IMF e-Library